| 000 | 00403nam a22001697a 4500 | ||
|---|---|---|---|
| 005 | 20260328154946.0 | ||
| 008 | 160613b xxu||||| |||| 00| 0 eng d | ||
| 020 | _a81-7829-392-1 | ||
| 041 | _aeng | ||
| 082 | _b7306 | ||
| 100 |
_aOliver, Paul _91825 |
||
| 245 | _aWriting Your thesis | ||
| 260 |
_aNew Delhi _bVikas Publishing House (P) Ltd. |
||
| 300 | _a190 | ||
| 650 | _aManagement | ||
| 942 | _cBK | ||
| 999 |
_c2567 _d2566 |
||